000
00285nam a2200121Ia 4500
008
190216s9999||||xx |||||||||||||| ||und||
100
_a
Walter J Moore
245
0
_a
Physical Chemistry
260
_b
Orient Longman
_c
1972
300
_a
977p
650
_a
Chemistry-Chemistry
942
_c
BK
999
_c
3293
_d
3293